Opotrebenie meracieho dotyku pri meraní na SMS

Enregistré dans:
Détails bibliographiques
Auteur principal: Marek, Adrián (Auteur)
Autres auteurs: Samardžiová, Michaela (Directeur de thèse)
Format: Manuscrit Livre
Langue:slovaque
Publié: 2017
Sujets:
Accès en ligne:http://is.stuba.sk/zp/portal_zp.pl?podrobnosti=121108
Tags: Ajouter un tag
Pas de tags, Soyez le premier à ajouter un tag!

MARC

LEADER 00000ntm a22000003a 4500
001 stuzp62603
003 SK-STU
005 20200129101824.2
007 ta
008 150427s2015----xo-----f-mn---000-0-slo-d
040 |a STU  |b slo 
041 0 |a slo 
100 1 |a Marek, Adrián  |u 063000  |4 aut  |U MTF Materiálovotechnologická fakulta  |T MTF Ústav výrobných technológií  |X 77383  |U M3000  |Y 83  |7 77383 
242 0 1 |a Wear of measuring stylus at measurement on SMS  |y eng 
245 1 0 |a Opotrebenie meracieho dotyku pri meraní na SMS 
260 |c 2017 
650 4 |a súradnicový merací stroj  |2 slo 
650 4 |a merací dotyk  |2 slo 
650 4 |a rubín  |2 slo 
650 4 |a opotrebenie  |2 slo 
650 4 |a zliatina hliníka  |2 slo 
650 4 |a wear  |2 eng 
650 4 |a aluminium alloy  |2 eng 
650 4 |a coordinate measuring machine  |2 eng 
650 4 |a measuring stylus  |2 eng 
650 4 |a ruby  |2 eng 
700 1 |a Samardžiová, Michaela  |u 063600  |k Z1  |4 ths  |U MTF Ústav výrobných technológií  |T MTF Katedra obrábania a tvárnenia  |X 37948  |U M3600  |Y 841  |7 37948 
856 4 |u http://is.stuba.sk/zp/portal_zp.pl?podrobnosti=121108 
996 |c M* BP-8100  |l MMSKP  |s P  |a 0  |w stuzp62603_0001